REVIEW OF MEDICAL MICROBIOLOGY (Record no. 20536)

MARC details
000 -LEADER
fixed length control field 00434nam a22001697a 4500
003 - CONTROL NUMBER IDENTIFIER
control field OSt
005 - DATE AND TIME OF LATEST TRANSACTION
control field 20211129112137.0
008 - FIXED-LENGTH DATA ELEMENTS--GENERAL INFORMATION
fixed length control field 211129b |||||||| |||| 00| 0 eng d
020 ## - INTERNATIONAL STANDARD BOOK NUMBER
International Standard Book Number 87041-054-7
040 ## - CATALOGING SOURCE
Original cataloging agency DDC
Transcribing agency HU
082 ## - DEWEY DECIMAL CLASSIFICATION NUMBER
Edition number 11TH
Classification number 616.07
Item number 1
100 ## - MAIN ENTRY--PERSONAL NAME
Personal name JAWETZ ERNEST
9 (RLIN) 1885
245 ## - TITLE STATEMENT
Title REVIEW OF MEDICAL MICROBIOLOGY
250 ## - EDITION STATEMENT
Edition statement 11TH
260 ## - PUBLICATION, DISTRIBUTION, ETC.
Place of publication, distribution, etc. CALIFORNIA
Name of publisher, distributor, etc. LANGE MEDICAL PUBLICATIONS
Date of publication, distribution, etc. 1974
942 ## - ADDED ENTRY ELEMENTS (KOHA)
Source of classification or shelving scheme Dewey Decimal Classification
Koha item type Books like text book referance book
Suppress in OPAC No
Holdings
Withdrawn status Lost status Source of classification or shelving scheme Damaged status Not for loan Home library Current library Date acquired Total Checkouts Full call number Barcode Date last seen Copy number Price effective from Koha item type
    Dewey Decimal Classification     College of Medicine and Health’s Sciences Library College of Medicine and Health’s Sciences Library 11/29/2021   616.07-J3-1974 CMHSL00005489 11/29/2021 1 11/29/2021 Books like text book referance book